The Impact of Motivation to Decision on Digital Transformation of Social Entrepreneurship

Digitálna transformácia podnikania je dnes jednou z podmienok prežitia na trhu. Vývoj digitálnych technológií rýchlo napreduje,a len tie podnikateľské subjekty, ktoré držia krok s týmto vývojom, môžu očakávať dobré obchodné výsledky. Sociálne podnikanie je vynikajúcim spôsobom riešenia problémov soc...

Ausführliche Beschreibung

Gespeichert in:
Bibliographische Detailangaben
1. Verfasser: Đalić, Irena
Weitere Verfasser: Erceg, Živko
Format: Buchkapitel
Sprache:Englisch
Schlagworte:
Tags: Tag hinzufügen
Keine Tags, Fügen Sie das erste Tag hinzu!

MARC

LEADER 00000naa a2200000 4500
001 0304829
005 20241025150932.1
041 0 |a eng 
044 |a RS 
245 1 0 |a The Impact of Motivation to Decision on Digital Transformation of Social Entrepreneurship  |c Irena Đalić, Živko Erceg 
520 |a Digitálna transformácia podnikania je dnes jednou z podmienok prežitia na trhu. Vývoj digitálnych technológií rýchlo napreduje,a len tie podnikateľské subjekty, ktoré držia krok s týmto vývojom, môžu očakávať dobré obchodné výsledky. Sociálne podnikanie je vynikajúcim spôsobom riešenia problémov sociálnej nerovnosti a chudoby a vedie tak k ekonomickému rastu a rozvoju. Cieľom tohto výskumu je vytvorenie teoretického modelu digitálnej transformácie sociálneho podnikania. 
610 2 0 |a transformácia digitálna 
610 2 0 |a podnikanie sociálne 
610 2 0 |a motivácia 
610 2 0 |a manažéri 
610 2 0 |a zamestnanci 
610 2 0 |a modely 
100 1 |a Đalić, Irena 
700 1 |a Erceg, Živko